A feasibility study of establishing a cremation cemetery , Cadawinonan, Dumaguete City / (Record no. 5748)
[ view plain ]
| 000 -LEADER | |
|---|---|
| fixed length control field | 03196naa a2200349Ia 4500 |
| 003 - CONTROL NUMBER IDENTIFIER | |
| control field | OSt |
| 005 - DATE AND TIME OF LATEST TRANSACTION | |
| control field | 20260416135656.0 |
| 008 - FIXED-LENGTH DATA ELEMENTS--GENERAL INFORMATION | |
| fixed length control field | 260416s2017 xx 000 0 und d |
| 040 ## - CATALOGING SOURCE | |
| Original cataloging agency | Foundation University |
| Language of cataloging | Eng |
| Transcribing agency | Foundation University |
| Description conventions | rda |
| 050 ## - LIBRARY OF CONGRESS CALL NUMBER | |
| Classification number | CBA (OprMgt-FS) LG 221 D35 B87 |
| Item number | A5 B87 O64 2014 A86 |
| 099 ## - LOCAL FREE-TEXT CALL NUMBER (OCLC) | |
| Classification number | 799 |
| 100 ## - MAIN ENTRY--PERSONAL NAME | |
| Personal name | Asonio, Brenda C. |
| 9 (RLIN) | 1517 |
| Relator term | author. |
| 245 10 - TITLE STATEMENT | |
| Title | A feasibility study of establishing a cremation cemetery , Cadawinonan, Dumaguete City / |
| Statement of responsibility, etc. | by Brenda C. Asonio, Cheryll G. Bayona, Grace J. Jumento and [others.] |
| 264 ## - PRODUCTION, PUBLICATION, DISTRIBUTION, MANUFACTURE, AND COPYRIGHT NOTICE | |
| Place of production, publication, distribution, manufacture | Dumaguete City : |
| Name of producer, publisher, distributor, manufacturer | Foundation University ; |
| Date of production, publication, distribution, manufacture, copy right date | 2014. |
| Copyright Date | 2014. |
| 300 ## - PHYSICAL DESCRIPTION | |
| Extent | xv, 90 leaves : |
| Other physical details | ill. (chiefly color) ; |
| Dimensions | 28 cm. |
| Materials specified | volume |
| Type of unit | resource |
| 336 ## - CONTENT TYPE | |
| Source | rdacontent |
| Content type term | text |
| Content type code | txt |
| 337 ## - MEDIA TYPE | |
| Source | rdamedia |
| Media type term | unmediated |
| Media type code | n |
| 338 ## - CARRIER TYPE | |
| Materials specified | rdacarrier |
| Carrier type term | volume |
| Carrier type code | nc |
| 502 ## - DISSERTATION, THESIS NOTE | |
| Master's Degree Note | Undergraduate feasibility (BS in Administration Major in Operations Managment) - - Foundation University, 2015. |
| 504 ## - BIBLIOGRAPHY, ETC. NOTE | |
| Bibliography, etc. note | Includes bibliographical references and appendices. |
| 520 ## - ABSTRACT, SUMMARY, ETC. | |
| Abstract, Summary, etc. | ABSTRACT<br/>It was the objective of this study to determine the feasibility of establishing a<br/>cremation cemetery in Dumaguete City.<br/>A total of 400<br/>The researchers employed the project feasibility approach.<br/>respondent within the 30 and above was selected as respondents utilizing the<br/>convenience sampling technique.<br/>The proposed will be named Gardens Crematorium as suggested by the<br/>researchers and agreed by the proponent, Mr. Edward Uy. The proponent will invest<br/>total of P 18, 000, 000.00 as the initial capital.<br/>On the basis of the vital findings of this study, the researchers made a conclusion<br/>that the project is feasible from the marketing point of view since there is a demand for<br/>cremation cemetey. Since all the resources necessary for the operation are readily<br/>available and the costs associated with these resources are justifiable, is also<br/>technically feasible. From the management perspective, the project is feasible since the<br/>organizational structure is appropriate and workable, and that the salaries and fringe<br/>benefits of would-be employees conform to the existing labor standards and practices.<br/>With such indicators asliquidity, stability, profitability and operating efficiency pointing to<br/>a very favourable financial condition, the project is financially viable. With the cremation<br/>cemetery, it's a big help to the economy by providing employment and income to the<br/>people, and could result in greater productive mobilization and utilization of economy's<br/>resources. |
| 650 ## - SUBJECT ADDED ENTRY--TOPICAL TERM | |
| Topical term or geographic name entry element | Crematories |
| Geographic subdivision | Philippines. |
| 9 (RLIN) | 1518 |
| 650 ## - SUBJECT ADDED ENTRY--TOPICAL TERM | |
| Topical term or geographic name entry element | Cemeteries |
| Geographic subdivision | Philippines. |
| 9 (RLIN) | 15506 |
| 650 ## - SUBJECT ADDED ENTRY--TOPICAL TERM | |
| Topical term or geographic name entry element | Funeral rites and ceremonies |
| Geographic subdivision | Philippines. |
| 9 (RLIN) | 15505 |
| 650 ## - SUBJECT ADDED ENTRY--TOPICAL TERM | |
| Topical term or geographic name entry element | informal sector (Economics)Feasibility studies. |
| 9 (RLIN) | 15504 |
| 658 ## - INDEX TERM--CURRICULUM OBJECTIVE | |
| Main curriculum objective | Project Feasibility Study : |
| Subordinate curriculum objective | Administration Major in Operations Management, Bachelor of Science in ; |
| Curriculum code | FSB301. |
| 700 1# - ADDED ENTRY--PERSONAL NAME | |
| Personal name | Bayona, Cheryll G. |
| Relator term | co-author |
| 9 (RLIN) | 15522 |
| 700 1# - ADDED ENTRY--PERSONAL NAME | |
| Personal name | Jumento, Grace J. |
| Relator term | co-author |
| 9 (RLIN) | 15525 |
| 700 1# - ADDED ENTRY--PERSONAL NAME | |
| Personal name | Mora, Ar Jay S. |
| 9 (RLIN) | 15526 |
| 700 1# - ADDED ENTRY--PERSONAL NAME | |
| Personal name | Tuballa, rommer P. |
| 9 (RLIN) | 15527 |
| 942 ## - ADDED ENTRY ELEMENTS (KOHA) | |
| Source of classification or shelving scheme | Library of Congress Classification |
| Koha item type | Feasibility Study |
| Classification part | LG 221 D35 B87 |
| Item part | A5 B87 O64 2014 A86 |
| Call number prefix | CBA (OprMgt-FS) |
| Withdrawn status | Lost status | Source of classification or shelving scheme | Damaged status | Not for loan | Home library | Current library | Shelving location | Date acquired | Source of acquisition | Total Checkouts | Full call number | Barcode | Date last seen | Price effective from | Koha item type | Accession Number |
|---|---|---|---|---|---|---|---|---|---|---|---|---|---|---|---|---|
| Library of Congress Classification | Foundation University Library | Foundation University Library | Undergraduate Thesis | 04/16/2026 | Donated | CBA (OprMgt-FS) LG 221 D35 B87 A5 B87 O64 2014 A86 | 59003 | 04/16/2026 | 04/16/2026 | Feasibility Study | OprMgt-FS-2026003 |
